Statistics for Top 20 Countries by Internet Use

Click here to take the quiz!

General Stats

  • This quiz has been taken 91 times
  • The average score is 17 of 20

Answer Stats

#Country% Correct
765 milChina
100%
244 milUnited States
100%
461 milIndia
99%
62.6 milUnited Kingdom
98%
69.3 milGermany
97%
115 milJapan
95%
52.3 milFrance
95%
109 milRussia
94%
85.2 milIndonesia
92%
141 milBrazil
92%
82.4 milMexico
87%
39.2 milSpain
87%
48.4 milSouth Korea
83%
61.8 milPakistan
78%
43.8 milEgypt
77%
63.0 milPhilippines
74%
52.2 milTurkey
74%
36.5 milThailand
74%
49.0 milIran
70%
47.3 milVietnam
66%

Score Distribution

Percentile by Number Answered

Percent of People with Each Score

Your Score History

You have not taken this quiz